000
00229nam a2200097Ia 4500
008
170619s9999 xx 000 0 und d
100
_a
Mahapatra- P.B.
245
0
_a
Operations Management A Quantitative
260
_b
PHI
260
_c
2010
546
_a
ENGLISH
999
_c
20303
_d
20303